000 00606nmm a2200193Ia 4500
008 251105s9999||||xx |||||||||||||||||und||
020 _a9788481641080
041 _aspa
100 _aRuiz Miguel, Alfonso
245 0 _aFilosofía política II. Teoría del Estado :
_b Vol. 10
264 _a[Madrid, España] :
_bTrotta Editorial,
_c1996
300 _a280 páginas
490 _aEnciclopedia Iberoamericana de Filosofía EIAF
650 _aPhilosophy, Ethics
700 _aRuiz Miguel, Alfonso
700 1 _a Díaz, Elías
856 _uhttps://public.digitaliapublishing.com/a/18828
942 _cCF
999 _c70854
_d70854